Microsoft Visual Basic 6.0 professional krok za krokem
Na minha lista:
| Autor principal: | |
|---|---|
| Outros Autores: | |
| Formato: | Livro |
| Idioma: | tcheco inglês |
| Publicado em: |
Brno
Computer Press
2004
|
| Edição: | 2. vyd. |
| Assuntos: | |
| Acesso em linha: | View in OPAC |
| Tags: |
Sem tags, seja o primeiro a adicionar uma tag!
|
MARC
| LEADER | 00000nam a2200000 a 4500 | ||
|---|---|---|---|
| 005 | 20260127134205.0 | ||
| 008 | 060510s2004 xo cze d | ||
| 020 | |a 8072264451 (brož.) |c 670.00 | ||
| 035 | |a vtls008765291 | ||
| 035 | |a POKPOH50892 | ||
| 039 | 9 | |y 200605291709 |z VLOAD | |
| 040 | |a POKPOH |b slo |c POKPOH | ||
| 041 | 1 | |a cze |h eng | |
| 080 | |a 004.42 | ||
| 100 | 1 | |a Halvorson, Michael | |
| 245 | 1 | |a Microsoft Visual Basic 6.0 professional |b krok za krokem |c Michael Halvorson ; [z anglického originálu prel. David Krásenský] | |
| 250 | |a 2. vyd. | ||
| 260 | |a Brno |b Computer Press |c 2004 | ||
| 300 | |a 545 s. brož. |e 1 CD | ||
| 500 | |a Voľná príloha CD Microsoft Visual Basic 6.0 professional krok za krokem | ||
| 650 | 0 | 7 | |a počítače |2 POKPOH |
| 650 | 0 | 7 | |a Visual Basic |2 POKPOH |
| 650 | 0 | 7 | |a počítačové programy |2 POKPOH |
| 650 | 0 | 7 | |a programovanie |2 POKPOH |
| 655 | 7 | |a príručky |2 POKPOH | |
| 700 | 1 | |a Krásenský, David |4 trl |9 552 | |
| 910 | |a pokpoh | ||
| 919 | |a 80-7226-445-1 | ||
| 999 | |c 6266 |d 6266 | ||